| 000 | 00771nam a2200217 i 4500 | ||
|---|---|---|---|
| 001 | 75160 | ||
| 003 | ES-MaACL | ||
| 005 | 20230906172345.0 | ||
| 007 | t| | ||
| 008 | 040922s1958 sp ||||1| eng d | ||
| 100 | 1 |
_aCunninghame Graham, R. B. ( _d1852-1936) _9152420 |
|
| 245 | 1 | 0 |
_aSelected short stories / _cR.B. Cunninghame Graham ; chosen and writh an introduction by Clover Pertiñez. |
| 260 |
_aMadrid : _bAlhambra, _c[1958] ( _fNuevas Gráficas) |
||
| 300 |
_a122 p., ; _c17 cm. |
||
| 490 | 1 | _aThe Alhambra Series of English Literature | |
| 650 | 0 | 4 |
_aLengua inglesa- _vLecturas. _914279 |
| 700 | 1 |
_aPertiñez, Clover. _991411 |
|
| 830 | 0 |
_aThe Alhambra Series of English Literature _9231242 |
|
| 852 |
_aES-MaACL _jC-18069 _bR.43765 |
||
| 999 |
_c75160 _d75160 |
||